000 01436cam a22002891i 4500
003 SA-RiAUC
005 20250526070155.0
008 250523s1978 xx g 00010 ara c
040 _aKW-KcNLK
_bara
_cSA-RiAUC.
_erda
050 4 _b.M35 1978
082 0 4 _a227.3
_qSA-RiAUC
090 _a227.3
_bم ا ل
100 1 _aالمالكي، علوي بن عباس بن عبد العزيز،
_d1328-1391 هجري
_eمؤلف.
245 1 0 _aفيض الخبير وخلاصة التقرير على نهج التيسير :
_bشرح منظومة التفسير /
_cعلوي بن السيد عباس المالكي.
250 _aالطبعة الثالثة.
264 1 _a[مكان النشر غير محدد] :
_bدار الفكر للطباعة والنشر والتوزيع،
_c1978
300 _a192 صفحة ؛
_c24 سم
336 _aنص
_btxt
_2rdacontent
_3كتاب
337 _aبدون وسيط
_bn
_2rdamedia
338 _aمجلد
_bnc
_2rdacarrier
630 2 7 _aالقرآن
_xتفاسير مأثورة
_2aucut
700 1 2 _iشرح لـ :
_aالكتبي، محمد يحيى بن أمان،
_d1312-1387 هجري.
_tالتيسير : شرح منظومة التفسير
700 1 2 _iشرح لـ :
_aالزمزمي، عبد العزيز بن علي بن عبد العزيز،
_d900-976 هجري.
_tمنظومة التفسير.
730 2 2 _aالقرآن
942 _2ddc
_cBOOK
_n0
949 _aSA-JeALM
_d250523
_umohamedma123
_n1
999 _c8369
_d8369